| 000 | 01088cam a2200313 4500 | ||
|---|---|---|---|
| 001 | M1904 | ||
| 008 | 090401t1995 xxu||||| |||| 00| 0 eng d | ||
| 035 | _a(Sirsi) u35171 | ||
| 041 | _aeng | ||
| 050 |
_a333.0062 _c18 |
||
| 090 | _aRICS 1995/52ABCD | ||
| 110 |
_aRoyal Institution of Chartered Surveyors _94900 |
||
| 245 | 4 |
_aThe chartered surveyors' rule book _brules of conduct for chartered surveyors |
|
| 260 |
_aLondon _bRICS _c1995 |
||
| 300 |
_aca. 100p. _c20x14cm. |
||
| 350 | _a0 | ||
| 490 | _aRICS Chartered Surveyors' Rule Book | ||
| 490 | _aRICS Rules of Conduct | ||
| 520 | _aTemporary edition incorporating Bye-Law changes coming into force on 10 July 1995. | ||
| 520 | _aSuperseded by April 1996 edition (M2235). Supersedes 1991 edition (J1334). | ||
| 650 | _aRICS BYE-LAWS | ||
| 650 | _aRICS MEMBERS' ACCOUNTS RULES | ||
| 650 | _aRICS PROFESSIONAL INDEMNITY INSURANCE RULES | ||
| 650 | _aPROFESSIONAL CONDUCT | ||
| 650 | _aRICS RULES OF CONDUCT | ||
| 690 | _aMANAGEMENT-BUSINESS MANAGEMENT-PROFESSIONAL PRACTICE | ||
| 942 | _n0 | ||
| 948 | _c04/03/1997 | ||
| 999 |
_c90059 _d90059 |
||